000 00834nam a2200241Ia 4500
003 OSt
005 20221005112646.0
006 a|||||r|||| 00| 0
007 ta
008 221004b |||||||| |||| 00| 0 pan d
024 _a103118
037 _cTextual
040 _aCRL
_cCRL
_bpan
041 _2pan
_apan
082 _aO153,1N07x, P7
100 _aਸਿੰਘ, ਰਾਜਿੰਦਰ, ਥਦ।
245 0 _aਕਵੀਰ ਦਲੀਪ ਸਿੰਘ ਭੱਟੀਵਾਲ
_b ਚੋਣਵੇ੍ਵ ਪ੍ਰਸੰਗ
260 _aਜਲੰਧਰ
_bਪਲਾਹਾ ਪਬਲਿfੰਗ ਭਾਰਤ
_c2007
300 _a128ਪੰ
_ccm.
650 _aਪੰਜਾਬੀ ਸਾਹਿਤ
942 _hO153,1N07x, P7
_cTEXL
_2cc
999 _c1025562
_d1025562